000 00818nam a2200265Ia 4500
003 OSt
005 20220924115344.0
006 a|||||r|||| 00| 0
007 ta
008 220923b |||||||| |||| 00| 0 urd d
020 _a9383322829 (pbk)
020 _cINR 600.00
024 _a352293
037 _b2412, 03/03/2020, M.R. Publications
_cTextual
040 _aARTS
_cARTS
_burd
041 _2urd
_aurd
082 _aO168,1N39x, Q6
100 _aAshraf Sayed Mohammad Ed.
_9177937
245 0 _aShehr-e-Malal
_b kulliyat-e-Irfan Siddiqui
260 _aDelhi
_bArshia publications India
_c2016
300 _a582p.
_ccm.
650 _aURDU POETRY
942 _hO168,1N39x, Q6
_cTEXL
_2CC
999 _c397985
_d397985